Đánh giá đa dạng di truyền nguồn gen một số dòng Ngô bằng chỉ thị Microsatellite /
Salvato in:
| Autore principale: | |
|---|---|
| Altri autori: | , , , , |
| Natura: | Articolo |
| Lingua: | Vietnamese |
| Soggetti: | |
| Tags: |
Aggiungi Tag
Nessun Tag, puoi essere il primo ad aggiungerne! !
|
| Thư viện lưu trữ: | Thư viện Trường Đại học Đà Lạt |
|---|
| LEADER | 01097nam a2200349 4500 | ||
|---|---|---|---|
| 001 | DLU210195578 | ||
| 005 | ##20210108 | ||
| 040 | # | # | |a DLU |b vie |
| 041 | # | # | |a vie |
| 044 | # | # | |a vn |
| 100 | # | # | |a Nguyễn Thị Thu. |
| 245 | # | # | |a Đánh giá đa dạng di truyền nguồn gen một số dòng Ngô bằng chỉ thị Microsatellite / |c Nguyễn Thị Thu, ...[và những người khác]. |
| 653 | # | # | |a Đa dạng nguồn gen |
| 653 | # | # | |a Allele |
| 653 | # | # | |a Chỉ thị SSR |
| 653 | # | # | |a Hệ số tương đồng di truyền |
| 653 | # | # | |a Ngô |
| 700 | # | # | |a Lê Thị Bích Thủy. |
| 700 | # | # | |a Ngô Anh Tuấn. |
| 700 | # | # | |a Ngô Thị Thùy Linh. |
| 700 | # | # | |a Vũ Thị Ngọc. |
| 700 | # | # | |a Vương Huy Minh. |
| 773 | # | # | |t Tạp chí Công nghệ Sinh học |g Số 15(2), 2017, tr. 327-332 |
| 920 | # | # | |a Phòng Tạp chí -- Trung tâm Thông tin - Thư viện Trường Đại học Đà Lạt |
| 994 | # | # | |a DLU |
| 900 | # | # | |a True |
| 911 | # | # | |a Hoàng Thị Huyền |
| 925 | # | # | |a G |
| 926 | # | # | |a A |
| 927 | # | # | |a BB |
| 980 | # | # | |a Thư viện Trường Đại học Đà Lạt |